| Tag |
First Indicator |
Second Indicator |
Subfields |
| LEADER |
00000cam a2200000Ia 4500 |
| 001 |
in00002467882 |
| 005 |
20210817090334.0 |
| 006 |
m d |
| 007 |
cr cn||||||||| |
| 008 |
081117s2008 nyua sb 001 0 eng d |
| 020 |
|
|
|a 0387094288
|
| 020 |
|
|
|a 9780387094281
|
| 035 |
|
|
|a (OCoLC)272354625
|
| 035 |
|
|
|a (OCoLC)ocn272354625
|
| 037 |
|
|
|a 978-0-387-09427-4
|b Springer
|n http://www.springerlink.com
|
| 040 |
|
|
|a GW5XE
|c GW5XE
|d UtOrBLW
|
| 049 |
|
|
|a TEFA
|
| 050 |
1 |
4 |
|a QA76.76.R44
|b I35 2008eb
|
| 111 |
2 |
|
|a IFIPTM (Conference)
|n (2nd :
|d 2008 :
|c Trondheim, Norway)
|0 http://id.loc.gov/authorities/names/no2009020207
|
| 245 |
1 |
0 |
|a Trust management II :
|b proceedings of IFIPTM 2008, Joint iTrust and PST Conferences on Privacy, Trust Management and Security, June 18-20, 2008, Trondheim, Norway /
|c edited by Yücel Karabulut [and others].
|
| 246 |
3 |
0 |
|a IFIPTM 2008
|
| 246 |
3 |
0 |
|a Proceedings of IFIPTM 2008
|
| 246 |
3 |
|
|a Trust management 2
|
| 246 |
3 |
|
|a Trust management two
|
| 264 |
|
1 |
|a New York :
|b Springer,
|c [2008]
|
| 264 |
|
4 |
|c ©2008
|
| 300 |
|
|
|a xii, 372 pages :
|b illustrations ;
|c 24 cm.
|
| 336 |
|
|
|a text
|b txt
|2 rdacontent
|
| 337 |
|
|
|a computer
|b c
|2 rdamedia
|
| 338 |
|
|
|a online resource
|b cr
|2 rdacarrier
|
| 500 |
|
|
|a Electronic resource.
|
| 504 |
|
|
|a Includes bibliographical references and author index.
|
| 533 |
|
|
|a Electronic reproduction.
|b New York :
|c Springer,
|d 2008.
|n Mode of access: World Wide Web.
|n System requirements: Web browser.
|n Title from title screen (viewed on Nov. 10, 2008).
|n Access may be restricted to users at subscribing institutions.
|
| 650 |
|
0 |
|a Computer security
|v Congresses.
|0 http://id.loc.gov/authorities/subjects/sh2008101458
|
| 650 |
|
0 |
|a Computer systems
|x Reliability
|v Congresses.
|0 http://id.loc.gov/authorities/subjects/sh2009121228
|
| 650 |
|
0 |
|a Computers
|x Access control
|v Congresses.
|0 http://id.loc.gov/authorities/subjects/sh2007008440
|
| 650 |
|
0 |
|a Electronic commerce
|x Security measures
|v Congresses.
|
| 650 |
|
0 |
|a Trust
|v Congresses.
|
| 655 |
|
7 |
|a Electronic books.
|2 local
|
| 700 |
1 |
|
|a Karabulut, Yücel.
|0 http://id.loc.gov/authorities/names/no2009018506
|
| 710 |
2 |
|
|a SpringerLink (Online service)
|0 http://id.loc.gov/authorities/names/no2005046756
|
| 776 |
1 |
|
|c Original
|z 9780387094274
|z 038709427X
|w (OCoLC)227032513
|
| 830 |
|
0 |
|a International Federation for Information Processing (Series) ;
|v 263.
|0 http://id.loc.gov/authorities/names/n98081386
|
| 856 |
4 |
0 |
|u http://proxy.library.tamu.edu/login?url=https://dx.doi.org/10.1007/978-0-387-09428-1
|z Connect to the full text of this electronic book
|t 0
|
| 994 |
|
|
|a C0
|b TEF
|
| 999 |
|
|
|a MARS
|
| 999 |
f |
f |
|s 78aeb819-b554-3693-99e6-1789673dd9ed
|i cd64b9b0-4139-311a-be5c-57f1a02703a2
|t 0
|
| 952 |
f |
f |
|a Texas A&M University
|b College Station
|c Electronic Resources
|d Available Online
|t 0
|e QA76.76.R44 I35 2008eb
|h Library of Congress classification
|
| 998 |
f |
f |
|a QA76.76.R44 I35 2008eb
|t 0
|l Available Online
|